[Event "Troll Masters"]
[Site "Gausdal"]
[Date "1996.??.??"]
[Round "6"]
[White "Tjomsland, Stig"]
[Black "Schmittdiel, Eckhard"]
[Result "0-1"]
[WhiteElo "2210"]
[BlackElo "2430"]

1.d4 e6 2.c4 Nf6 3.Nf3 Bb4+ 4.Bd2 a5 5.g3 b6 6.Bg2 Bb7 7.O-O O-O 8.Bf4 Be7
9.Nc3 Nh5 10.Bc1 Bb4 11.Qc2 f5 12.a3 Bxc3 13.Qxc3 a4 14.b4 axb3 15.Qxb3 Nf6
16.Bb2 Nc6 17.Qd3 Na5 18.Rac1 Qe7 19.d5 Ba6 20.Nd4 Nxc4 21.Rxc4 exd5 22.Nxf5 Qe6
23.Bxd5 Nxd5 24.Nxg7 Bxc4 25.Qxc4 Qc6 26.Qg4 Qg6 27.Qxd7 Nf4 28.e3 Rf7 29.Qb5 Nd3
30.Ba1 Rxa3 31.Ne8 Qf5 32.Qc4 Rxa1 33.Rxa1 Qxf2+ 34.Kh1 Qf3+ 35.Kg1 Nf2 36.Nf6+ Qxf6  0-1

[Event "Troll Masters"]
[Site "Gausdal"]
[Date "1996.??.??"]
[Round "9"]
[White "Tjomsland, Stig"]
[Black "Jacobs, Byron A"]
[Result "1-0"]
[WhiteElo "2210"]
[BlackElo "2290"]

1.d4 Nf6 2.c4 e6 3.Nf3 Bb4+ 4.Bd2 Qe7 5.g3 Nc6 6.Bg2 Bxd2+ 7.Nbxd2 d6 8.O-O e5
9.d5 Nb8 10.Qb3 O-O 11.Ne1 a5 12.Nc2 Na6 13.Qc3 Nc5 14.h3 Bd7 15.b3 c6 16.a3 cxd5
17.cxd5 Bb5 18.Rfe1 Rfc8 19.Qb2 Qd8 20.Ne3 Qb6 21.Rac1 Qa6 22.Bf1 Be8 23.Nf5 b5
24.Ne7+ Kf8 25.Nxc8 Rxc8 26.e4 Rd8 27.Qc3  1-0

[Event "Geneve op"]
[Site "Geneve"]
[Date "1996.??.??"]
[Round "2"]
[White "Cvitan, Ognjen"]
[Black "Anka, Emil"]
[Result "1-0"]
[WhiteElo "2540"]
[BlackElo "2405"]

1.d4 Nf6 2.Nf3 e6 3.c4 Bb4+ 4.Bd2 Qe7 5.g3 Nc6 6.Nc3 Bxc3 7.Bxc3 Ne4 8.Rc1 O-O
9.Bg2 a5 10.O-O Nxc3 11.Rxc3 d6 12.d5 Nb4 13.a3 Na6 14.dxe6 fxe6 15.h4 e5
16.Ng5 h6 17.Ne4 Be6 18.Rc1 Kh8 19.b3 Rad8 20.Qe1 b6 21.Nc3 Nc5 22.Qd1 Qf7
23.b4 axb4 24.axb4 Nd7 25.Nd5 Nf6 26.Qd2 Bxd5 27.Bxd5 Nxd5 28.cxd5 Rd7 29.Qd3 Qf5
30.Qxf5 Rxf5 31.e4 Rf3 32.Kg2 Rb3 33.Rb1 Rxb1 34.Rxb1 Kg8 35.f4 Kf7 36.Kf3 exf4
37.gxf4 g5 38.Rg1 gxf4 39.Kxf4 Re7 40.h5 Re5 41.Rc1 Re7 42.Ra1 Re5 43.Ra7 Re7
44.Ra8 Kg7 45.Ra1 Kf7 46.Ra8 Kg7 47.Ra2 Kf7 48.Ke3 Ke8 49.Ra8+ Kf7 50.Kd4 Kg7
51.Ra1 Kf7 52.Rf1+ Kg7 53.Rg1+ Kh7 54.Rg6 b5 55.Rg1 Re8 56.Rc1 Re7 57.Ra1 Kg7
58.Ra8 Kf7 59.Rb8 Kg7 60.Rxb5 Kf6 61.Rb8 Kg5 62.b5 Kf4 63.Rf8+ Kg5 64.Rf5+ Kg4
65.Rf6 Kg5 66.Re6 Rd7 67.e5 Kxh5 68.exd6 cxd6 69.b6 Kg5 70.Kc4 h5 71.Kb5 h4
72.Kc6 Rh7 73.b7 Rh8 74.Kc7 Rh7+ 75.Kb6  1-0

[Event "Oberliga Nord N9697"]
[Site "Germany"]
[Date "1996.??.??"]
[Round "?"]
[White "Giehring, Sebastian"]
[Black "Hochgraefe, Markus"]
[Result "1/2-1/2"]
[WhiteElo "2235"]
[BlackElo "2270"]

1.d4 e6 2.Nf3 Nf6 3.c4 Bb4+ 4.Bd2 Qe7 5.g3 Nc6 6.Bg2 Bxd2+ 7.Nbxd2 d6 8.O-O a5
9.e4 e5 10.d5 Nb8 11.Ne1 O-O 12.Nd3 Na6 13.Qe2 c6 14.b3 Nb4 15.Rfc1 c5 16.a3 Nxd3
17.Qxd3 Qc7 18.Rab1 Ra6 19.Nf1 Bd7 20.Ne3  1/2-1/2

[Event "Oberliga Nord N9697"]
[Site "Germany"]
[Date "1996.??.??"]
[Round "?"]
[White "Giehring, Sebastian"]
[Black "Cording, Harm"]
[Result "1-0"]
[WhiteElo "2235"]
[BlackElo "2310"]

1.d4 Nf6 2.c4 e6 3.Nf3 Bb4+ 4.Bd2 Qe7 5.g3 Nc6 6.Bg2 Bxd2+ 7.Nbxd2 d6 8.Nf1 O-O
9.Ne3 e5 10.O-O Bg4 11.Nxg4 Nxg4 12.e3 f5 13.Nh4 Nh6 14.c5 Kh8 15.cxd6 cxd6
16.dxe5 dxe5 17.Bxc6 bxc6 18.Ng2 Nf7 19.Rc1 Rac8 20.Qe2 e4 21.h4 Ne5 22.Nf4 Rfd8
23.Rfd1 g5 24.hxg5 Nf3+ 25.Kg2 Qxg5 26.Rxd8+ Rxd8 27.Rd1 Rxd1 28.Qxd1 Qh6
29.Qd8+ Kg7 30.Qe7+ Kg8 31.Qe8+ Qf8 32.Qxc6 Qf7 33.a4 Qb3 34.Qc8+ Kg7 35.Qxf5 Qd1
36.Ne6+ Kh6 37.Qf6+ Kh5 38.Ng7+ Kg4 39.Qf5+  1-0

[Event "BL2-O9596"]
[Site "Germany"]
[Date "1996.??.??"]
[Round "?"]
[White "Kunze, Carlo"]
[Black "Cordes, Hans Joerg"]
[Result "0-1"]
[WhiteElo "2330"]
[BlackElo "2300"]

1.d4 Nf6 2.c4 e6 3.Nf3 Bb4+ 4.Bd2 Qe7 5.Nc3 Bxc3 6.Bxc3 Ne4 7.Qc2 Nxc3 8.Qxc3 O-O
9.e3 d6 10.Be2 c5 11.O-O Nc6 12.d5 Nb8 13.dxe6 Bxe6 14.Rad1 Nc6 15.Rd2 Rfd8
16.Rfd1 Rab8 17.a3 a6 18.b4 b6 19.h3 h6 20.Bd3 cxb4 21.axb4 a5 22.bxa5 bxa5
23.Qa3 Qc7 24.Be4 Nb4 25.Bd5 Bxd5 26.cxd5 Rdc8 27.Qa4 Na6 28.Ra2 Nb4 29.Rad2 Qc5
30.Nd4 Qxd5 31.Nb3 Qc6 32.Qxa5 Rb5 33.Rxd6 Rxa5 34.Rxc6 Nxc6 35.Nxa5 Nxa5
36.Rd7 Nc6 37.Kh2 Ne5 38.Re7 f6 39.Kg3 Rd8 40.Ra7 Rd7  0-1

[Event "BL2-O9596"]
[Site "Germany"]
[Date "1996.??.??"]
[Round "?"]
[White "Gallo, Jens"]
[Black "Fuhrmann, Daniel"]
[Result "1/2-1/2"]
[WhiteElo "2230"]
[BlackElo "2285"]

1.d4 Nf6 2.Nf3 e6 3.c4 Bb4+ 4.Bd2 Qe7 5.g3 b6 6.Bg2 Bb7 7.O-O Bxd2 8.Qxd2 O-O
9.Nc3 d6 10.Qc2 c5 11.e4 cxd4 12.Nxd4 Rc8 13.b3 Nc6 14.Rad1 a6 15.Qd2 Ne8
16.f4 Qc7 17.Nxc6 Bxc6 18.f5 e5 19.f6 Nxf6 20.Rxf6 gxf6 21.Qh6 Qe7 22.Bh3 Qf8
23.Qxf8+ Kxf8 24.Bxc8 Rxc8 25.Rxd6 Ke7 26.Rd2 b5 27.Nd5+ Bxd5 28.cxd5 Rc3
29.Kf2 a5 30.Ke2 f5 31.d6+ Kd7 32.exf5 f6 33.Rd5 Rc2+ 34.Ke3 Rxh2 35.a4 bxa4
36.bxa4 Ra2 37.Rxa5 Kxd6 38.Ra6+ Kd5 39.Rxf6 Ra3+ 40.Kf2 Rxa4 41.Rh6 e4 42.Re6 Ra2+
43.Ke3 Ra3+ 44.Kf4 Rf3+ 45.Kg4 h5+ 46.Kg5 Kd4 47.f6 e3  1/2-1/2

[Event "BL2-N9596"]
[Site "Germany"]
[Date "1996.??.??"]
[Round "?"]
[White "Jaehnisch, Frank"]
[Black "Geisler, Robert"]
[Result "1/2-1/2"]
[WhiteElo "2245"]
[BlackElo "2240"]

1.d4 Nf6 2.c4 e6 3.Nf3 Bb4+ 4.Bd2 Qe7 5.e3 b6 6.Bd3 Bb7 7.a3 Bxd2+ 8.Nbxd2 O-O
9.O-O c5 10.Qc2 Rc8 11.Rab1 cxd4 12.Nxd4 d6 13.b3 a6 14.Qb2 Nbd7 15.Rbc1 Rab8
16.Rfd1 Ba8 17.Be2 Ne5 18.N4f3 Qb7 19.Ne1 Rd8 20.Ndf3 Ng6 21.Ng5 Ne5 22.Ngf3 Ng6
23.h3 Rbc8 24.Nd4 Qb8 25.Bf3 Nf8 26.Nd3 Bxf3 27.Nxf3 N8d7 28.Nb4 Nc5 29.Nd4 Qb7
30.Nd3 Nxd3 31.Rxd3 d5 32.cxd5 Nxd5 33.Rdd1 Rxc1 34.Rxc1 Rc8  1/2-1/2

[Event "BL2-O9596"]
[Site "Germany"]
[Date "1996.??.??"]
[Round "?"]
[White "Spiess, Gunter"]
[Black "Derichs, Roger"]
[Result "0-1"]
[WhiteElo "2415"]
[BlackElo "2295"]

1.d4 Nf6 2.c4 e6 3.Nf3 Bb4+ 4.Bd2 Qe7 5.g3 Nc6 6.Bg2 Bxd2+ 7.Nbxd2 d6 8.O-O O-O
9.e4 e5 10.d5 Nb8 11.Ne1 a5 12.b3 Na6 13.a3 Bd7 14.Nd3 c6 15.Re1 Nc5 16.Nxc5 dxc5
17.f4 Bc8 18.fxe5 Nd7 19.e6 fxe6 20.e5 cxd5 21.cxd5 exd5 22.Bxd5+ Kh8 23.Nc4 Ra6
24.Nd6 Nb6 25.Be4 g6 26.Qd2 a4 27.b4 cxb4 28.Qxb4 Nd7 29.Nxc8 Qxe5 30.Bxb7 Qf6
31.Rf1  0-1

[Event "BL2-O9596"]
[Site "Germany"]
[Date "1996.??.??"]
[Round "?"]
[White "Spiess, Gunter"]
[Black "Grabarczyk, Miroslaw"]
[Result "0-1"]
[WhiteElo "2415"]
[BlackElo "2505"]

1.d4 Nf6 2.c4 e6 3.Nf3 Bb4+ 4.Bd2 Be7 5.Nc3 d5 6.e3 O-O 7.Qb3 a6 8.Rc1 dxc4
9.Bxc4 b5 10.Be2 Bb7 11.O-O Nbd7 12.Rfd1 c5 13.a3 Rc8 14.Be1 Qb6 15.Qa2 Rfd8
16.h3 g6 17.Qb1 cxd4 18.Nxd4 Ne5 19.f3 Nc4 20.Bf2 e5 21.Nc2 Rxd1+ 22.Rxd1 e4
23.f4 Nxa3 24.Nxa3 Bxa3 25.bxa3 Rxc3 26.Qb4 Qc5 27.Qa5 Rc1 28.Kh2 Rxd1 29.Bxd1 Qd6
30.Qc3 Nd5 31.Qd4 Qxa3 32.Qxe4 Qe7 33.Qd4 b4 34.Bb3 Nc3 35.Bc2 Nb5 36.Qd2 Qd6
37.Qe1  0-1

[Event "BL2-S9596"]
[Site "Germany"]
[Date "1996.??.??"]
[Round "?"]
[White "Beikert, Guenther"]
[Black "Ksieski, Zbigniew"]
[Result "0-1"]
[WhiteElo "2455"]
[BlackElo "2400"]

1.d4 Nf6 2.Nf3 e6 3.c4 Bb4+ 4.Bd2 a5 5.g3 d6 6.Bg2 Nbd7 7.Nc3 O-O 8.O-O e5
9.Qc2 exd4 10.Nxd4 Ne5 11.Bg5 h6 12.Bxf6 Qxf6 13.Nd5 Qd8 14.Nxb4 axb4 15.c5 dxc5
16.Qxc5 Nd7 17.Qc2 c6 18.a3 Nf6 19.e3 bxa3 20.Rxa3 Rxa3 21.bxa3 Qa5 22.Qb2 c5
23.Nb3 Qb5 24.Qc3 Be6 25.Nd2 Rd8 26.Rb1 Qe2 27.Nf1 c4 28.Rxb7 Rd3 29.Qb4 Rb3
30.Qc5 Rxb7 31.Bxb7 Ng4 32.Bg2 Qxf2+ 33.Kh1 Qb2 34.a4 c3 35.Qd4 Qb3 36.a5 c2
37.Qd2 Nf2+ 38.Kg1 Nd3 39.a6 c1=Q 40.a7 Bd5 41.Qa5 Bxg2 42.Kxg2 Qbc2+  0-1

[Event "BL2-S9596"]
[Site "Germany"]
[Date "1996.??.??"]
[Round "?"]
[White "Beikert, Guenther"]
[Black "Stobik, Dietrich"]
[Result "1/2-1/2"]
[WhiteElo "2455"]
[BlackElo "2285"]

1.d4 Nf6 2.c4 e6 3.Nf3 Bb4+ 4.Bd2 a5 5.g3 O-O 6.Bg2 d5 7.O-O Nc6 8.Qc2 Ra6
9.Rd1 dxc4 10.Qxc4 Qd5 11.Qxd5 exd5 12.Bf4 Ne8 13.Nc3 Ne7 14.Nd2 c6 15.a3 Bd6
16.Bxd6 Nxd6 17.b4 a4 18.f3 Nb5 19.Nxb5 cxb5 20.e4 Be6 21.Rac1 Rc6 22.Rxc6 bxc6
23.Rc1 Rd8 24.e5 Nf5 25.Rc3 Nxd4 26.Kf2 Bd7 27.f4 f6 28.Nf3 Nb3 29.e6 Be8
30.f5 Kf8 31.g4 Ke7 32.h4 d4 33.Rd3 g6 34.Nd2 c5 35.Nxb3 axb3 36.bxc5 b2
37.Rb3 d3 38.Bf3 d2 39.Bd1 gxf5 40.gxf5 Rd5 41.Rxb2 Rxc5 42.Rxd2 Rxf5+ 43.Kg3 Re5
44.Kf4 Rxe6 45.Bc2 h6 46.Rd4 Re2 47.Bd1 Re1 48.Re4+ Rxe4+ 49.Kxe4 Bg6+ 50.Kd5 Bd3
51.a4 bxa4 52.Bxa4 Kf7 53.Kd4 Bb1 54.Ke3 Kg6 55.Be8+ Kf5 56.Bd7+ Ke5 57.Bg4 Be4
58.Bd1 f5 59.Be2 Bg2 60.Kf2 Bh1 61.Ke3 Bd5 62.Bd1 f4+ 63.Kf2 Kf5 64.Bh5 Be4
65.Bd1 Kg6 66.Be2 h5 67.Bd1 Bf5 68.Bxh5+  1/2-1/2

[Event "BL2-W9596"]
[Site "Germany"]
[Date "1996.??.??"]
[Round "?"]
[White "Koch, Thomas"]
[Black "Haba, Petr"]
[Result "1/2-1/2"]
[WhiteElo "2350"]
[BlackElo "2455"]

1.d4 e6 2.c4 Nf6 3.Nf3 Bb4+ 4.Bd2 Qe7 5.Nc3 b6 6.a3 Bxc3 7.Bxc3 Bb7 8.g3 O-O
9.Bg2 d6 10.b4 Nbd7 11.O-O Ne4 12.Bb2 f5 13.Qc2 Qe8 14.Ne1 e5 15.dxe5 Nxe5
16.Nd3 Ng4 17.h3 Ngf6 18.Rac1 c5 19.Kh2 Nh5 20.e3 Qf7 21.Nf4 Rae8 22.Rcd1 Re7
23.Nd5 Re6 24.g4 Bxd5 25.cxd5 Rh6 26.gxh5 Qxh5 27.f4 g5 28.fxg5 Nxg5 29.Qc3 Rff6
30.Rxf5 Qg4 31.Rxg5+ Qxg5 32.Qd2 Rf7 33.e4 Qh5 34.Rf1 Rxf1 35.Bxf1 Rg6 36.Qf2 Qg5
37.Be2 Qd2 38.Ba1 c4 39.e5 Qxd5 40.exd6 Qxd6+ 41.Kh1 Qd5+ 42.Kh2 Qd6+ 43.Kh1 Qd5+
44.Bf3 Qf5 45.Qf1 b5 46.Bb2 Rg3 47.Bg2 Qxf1+ 48.Bxf1 Rb3 49.Bd4 Rxa3 50.Kg1 a6
51.Kf2 Rb3 52.Bg2 Rd3 53.Be3 Rd6 54.Ke2 Kf7 55.Be4 h5 56.h4 Kf6 57.Bc5 Rd7
58.Ke3 Rd1 59.Bd4+ Ke6 60.Bf3 Rb1 61.Bxh5 Rxb4 62.Bg6 c3 63.Be4 Rxd4  1/2-1/2

[Event "BL9596 (Women)"]
[Site "Germany"]
[Date "1996.??.??"]
[Round "?"]
[White "Mueller, Andrea"]
[Black "Semina, Svetlana"]
[Result "0-1"]
[WhiteElo "2110"]
[BlackElo "2230"]

1.d4 Nf6 2.c4 e6 3.Nf3 Bb4+ 4.Bd2 Qe7 5.Qc2 b6 6.a3 Bxd2+ 7.Nbxd2 Bb7 8.g3 c5
9.dxc5 bxc5 10.Bg2 O-O 11.O-O d6 12.b4 Nbd7 13.Nb3 Rac8 14.b5 Be4 15.Qc3 d5
16.Nfd2 d4 17.Qc1 Bxg2 18.Kxg2 e5 19.Na5 Rc7 20.Nc6 Qe6 21.Nb3 Ne4 22.Qc2 f5
23.e3 Nc3 24.exd4 cxd4 25.Qd3 f4 26.f3 Rf6 27.Rae1 Rh6 28.g4 Qf6 29.Rf2 a6
30.Nb4 axb5 31.cxb5 Nc5 32.Nxc5 Rxc5 33.Nc2 Rxb5 34.Qc4+ Qf7 35.Qc8+ Qf8
36.Qc4+ Kh8 37.a4 Rc5 38.Qb4 Nd5 39.Qb3 Rb6 40.Qd3 Ne3+ 41.Nxe3 fxe3 42.Rfe2 Qf4
43.Rd1 Rf6 44.Rf1 Rc3 45.Qb1 h5 46.gxh5 d3  0-1

[Event "BL2-S9697"]
[Site "Germany"]
[Date "1996.??.??"]
[Round "?.1"]
[White "Pinter, Jozsef"]
[Black "Hertneck, Gerald"]
[Result "1-0"]
[WhiteElo "2560"]
[BlackElo "2565"]

1.d4 Nf6 2.c4 e6 3.Nf3 Bb4+ 4.Bd2 Qe7 5.g3 Nc6 6.Nc3 Bxc3 7.Bxc3 Ne4 8.Rc1 d6
9.Bg2 O-O 10.d5 Nxc3 11.Rxc3 Nb8 12.dxe6 fxe6 13.O-O Nd7 14.Nd4 Nf6 15.b4 e5
16.Nc2 Rd8 17.b5 a6 18.Nb4 e4 19.bxa6 c6 20.Qb1 Qe5 21.Rb3 Re8 22.Qb2 c5
23.axb7 Bxb7 24.Nc2 Bc6 25.Ne3 d5 26.Qxe5 Rxe5 27.cxd5 Nxd5 28.Nc4 Re7 29.a3 Nc7
30.Rc1 Bd5 31.e3 Ne6 32.Rbc3 Ra6 33.Nd2 Ra4 34.Bf1 Rea7 35.Ra1 Kf7 36.Bb5 Rb4
37.Bc4 Bxc4 38.Nxc4 Kf6 39.Kg2 Rb8 40.Rd1 Raa8 41.Rd5 Rd8 42.Rxd8 Rxd8 43.Rc1 Ra8
44.Ra1 Ra4 45.Nb2 Ra6 46.a4 Rb6 47.Nc4 Rb4 48.Nd2 Nc7 49.a5 Na6 50.Rb1 Ke5
51.Kf1 Kd5 52.Ke2 Nc7 53.Kd1 Ra4 54.Rb7 Kc6 55.Rb8 Rxa5 56.Nxe4 Kd5 57.Nd2 Ra1+
58.Kc2 Ra2+ 59.Kb3 Ra7 60.Rd8+ Ke6 61.Ne4 Ke7 62.Rh8 h6 63.Nxc5 Ne8 64.Nd3 Rc7
65.Ne5 Rc8 66.f4 Rc1 67.Ng6+ Kd7 68.e4 Rh1 69.Ne5+ Ke7 70.Nf3 Rf1 71.Nd4 Rf2
72.h4 Nf6 73.e5 Nh5 74.Ra8 Nxg3 75.Ra7+ Ke8 76.e6 Ne4 77.f5 Nf6 78.Nc6 Kf8
79.Ra8+ Ne8 80.Ne5 Ke7 81.Ng6+ Kf6 82.Rxe8 Rxf5 83.e7 Kxg6 84.Rf8 Re5 85.e8=Q+ Rxe8
86.Rxe8 Kh5 87.Re4 g5 88.hxg5 hxg5 89.Kc2 g4 90.Kd2  1-0

[Event "BL2-W9697"]
[Site "Germany"]
[Date "1996.??.??"]
[Round "?.1"]
[White "Delemarre, Jop"]
[Black "Nielsen, Peter Heine"]
[Result "1-0"]
[WhiteElo "2360"]
[BlackElo "2530"]

1.d4 Nf6 2.c4 e6 3.Nf3 Bb4+ 4.Bd2 Qe7 5.g3 Nc6 6.Nc3 Bxc3 7.Bxc3 Ne4 8.Rc1 O-O
9.Bg2 d6 10.d5 Nd8 11.dxe6 Nxe6 12.Bb4 N6g5 13.Nxg5 Nxg5 14.Bd2 Re8 15.Rc3 Qf6
16.Re3 Rxe3 17.Bxe3 Ne6 18.Qd2 Bd7 19.O-O Bc6 20.Bd5 Qe7 21.Rc1 h6 22.Rc3 Qd7
23.b4 b6 24.Ra3 Nf8 25.b5 Bxd5 26.Qxd5 Qc8 27.f4 a5 28.f5 Rb8 29.f6 Qe6 30.fxg7 Kxg7
31.Bd4+ Kg8 32.Re3 Qxd5 33.cxd5 Nd7 34.Re4 f6 35.Re7 Rd8 36.Kf2 Kf8 37.Rh7 Kg8
38.Re7 Kf8 39.Rh7 Kg8 40.Rxh6 Kg7 41.Rh4 Kg6 42.Rg4+ Kf7 43.Re4 Rh8 44.h4 Rh5
45.a4 Rxd5 46.g4 f5 47.Rf4 Kg6 48.h5+ Kh7 49.gxf5 Kh6 50.Kf3  1-0

[Event "Oberliga Ost B9596"]
[Site "Germany"]
[Date "1996.??.??"]
[Round "?"]
[White "Krug, Norbert"]
[Black "Schikor, Torsten"]
[Result "1/2-1/2"]
[WhiteElo "2220"]
[BlackElo "2130"]

1.d4 Nf6 2.c4 e6 3.Nf3 Bb4+ 4.Bd2 Qe7 5.Nc3 b6 6.e3 Bb7 7.Bd3 O-O 8.Qc2 d6
9.a3 Bxc3 10.Bxc3 Nbd7 11.O-O-O e5 12.Bf5 g6  1/2-1/2

[Event "Oberliga Ost B9596"]
[Site "Germany"]
[Date "1996.??.??"]
[Round "?"]
[White "Hackel, Mario"]
[Black "Brueggemann, Joachim"]
[Result "0-1"]
[WhiteElo "2325"]
[BlackElo "2275"]

1.d4 Nf6 2.c4 e6 3.Nf3 Bb4+ 4.Bd2 Bxd2+ 5.Qxd2 d6 6.Nc3 Nbd7 7.e3 O-O 8.Be2 e5
9.O-O Re8 10.Rad1 e4 11.Ne1 Nf8 12.f3 Bf5 13.f4 c6 14.Rc1 h5 15.Nd1 c5 16.d5 Ng6
17.g3 Ne7 18.Nf2 Qd7 19.Ng2 Bg4 20.Nh4 Bxe2 21.Qxe2 Rab8 22.Qc2 Nf5 23.Nxf5 Qxf5
24.a4 a6 25.Qe2 b5 26.axb5 axb5 27.cxb5 Qxd5 28.Rfd1 Qe6 29.h3 Rb6 30.g4 hxg4
31.hxg4 Reb8 32.g5 Ne8 33.Qc4 Rxb5 34.Qxe6 fxe6 35.Nxe4 R8b6 36.Rc2 Rb4 37.Nd2 Rxb2
38.Rxb2 Rxb2 39.Nc4 Rb8 40.e4 Rd8 41.Kg2 Kf8 42.Kg3 Ke7 43.Ra1 Rc8 44.Ra7+ Rc7
45.Ra8 g6 46.Kg4 Rd7 47.Kg3 Nc7 48.Rg8 Kf7 49.Rb8 Ne8 50.Ra8 Rb7 51.Ra6 Rb3+
52.Kg4 Rb4 53.Nxd6+ Nxd6 54.Rxd6 Rxe4 55.Rd7+ Ke8 56.Rc7 e5 57.Rxc5 Rxf4+
58.Kg3 Rf5 59.Kg4 Kd7 60.Ra5 Rf4+ 61.Kg3 Ke6 62.Ra6+ Kf5 63.Ra5 Rg4+  0-1

[Event "NRW-Liga II 9596"]
[Site "Germany"]
[Date "1996.??.??"]
[Round "?"]
[White "Notkin, Maksim"]
[Black "Schoenthier, Frank"]
[Result "1/2-1/2"]
[WhiteElo "2520"]
[BlackElo "2365"]

1.d4 Nf6 2.c4 e6 3.Nf3 Bb4+ 4.Bd2 c5 5.Bxb4 cxb4 6.g3 b6 7.Bg2 Bb7 8.O-O O-O
9.a3 bxa3 10.Rxa3 a5 11.Nc3 d6 12.Qb1 Na6 13.e4 Nb4 14.e5 Ne8 15.d5 exd5
16.Nxd5 Rc8 17.exd6 Nxd6 18.Nxb4 axb4 19.Rd3 Bxf3 20.Bxf3 Qf6 21.b3 b5 22.Qd1 Rfd8
23.Bd5 Rf8 24.Qg4 bxc4 25.bxc4 Qg6 26.Qxg6 hxg6 27.Rb1 Nxc4 28.Rxb4 Nd6 29.Rb6 Rfd8
30.Rxd6 Rxd6 31.Bxf7+ Kxf7 32.Rxd6 Rc2 33.h4 Rc5 34.Kg2 g5 35.h5 g4 36.h6 gxh6
37.Rxh6 Rc4 38.Kf1 Ra4 39.Rd6 Kg7 40.Ke2 Kf7 41.Ke3 Ra3+ 42.Rd3 Ra6 43.Rd4 Rg6
44.Kf4 Rf6+ 45.Ke3 Rg6 46.Rf4+ Kg7 47.Ke4 Kh6 48.Ke5 Rg8 49.Rf6+ Kg5 50.Rf5+ Kg6
51.Kf4 Kh6 52.Rf6+ Kh5 53.Kf5 Ra8 54.Rf7 Ra5+ 55.Kf6 Ra6+ 56.Kg7 Kg5 57.Rc7 Ra5
58.Kh7 Rb5 59.Rg7+ Kh5 60.Rf7 Kg5 61.Kg7 Ra5 62.Rd7 Rf5 63.Rd2 Ra5 64.Kf7 Rf5+
65.Ke6 Rf6+ 66.Ke5 Rf3 67.Ke4 Kg6  1/2-1/2

[Event "NRW-Liga II 9596"]
[Site "Germany"]
[Date "1996.??.??"]
[Round "?"]
[White "Essing, Arnold"]
[Black "Gruen, Peter"]
[Result "0-1"]
[WhiteElo "2320"]
[BlackElo "2375"]

1.d4 Nf6 2.Nf3 e6 3.c4 Bb4+ 4.Bd2 c5 5.Bxb4 cxb4 6.Qc2 O-O 7.e4 d6 8.g3 e5
9.Bg2 Bg4 10.Nbd2 Nc6 11.d5 Nb8 12.h3 Bxf3 13.Nxf3 Nbd7 14.O-O Nc5 15.Nd2 Rc8
16.a3 a5 17.a4 g6 18.Nb3 Nxb3 19.Qxb3 Nd7 20.Qc2 Nc5 21.b3 f5 22.Rae1 f4
23.Bf3 h5 24.g4 Qh4 25.Kg2 Rc7 26.Rh1 Rg7 27.Reg1 Kf7 28.Kf1 hxg4 29.hxg4 Qd8
30.Rh3 Rh8 31.Rgh1 Rxh3 32.Rxh3 Kg8 33.Bd1 f3 34.Rxf3 Qg5 35.Re3 Rh7 36.Bf3 Rh2
37.Qe2 Qh6 38.Ke1 Kg7 39.Kd1 Qg5 40.Ke1  0-1

[Event "Baden-Alsace mJ"]
[Site "Germany"]
[Date "1996.??.??"]
[Round "1"]
[White "Sulzbach, Sven"]
[Black "Randrianary, Nirina"]
[Result "1/2-1/2"]
[WhiteElo "2215"]
[BlackElo "2120"]

1.d4 Nf6 2.c4 e6 3.Nf3 Bb4+ 4.Bd2 a5 5.g3 b6 6.Bg2 Bb7 7.O-O O-O 8.a3 Bxd2
9.Nbxd2 d6 10.b4 axb4 11.axb4 Nc6 12.Qb3 e5 13.d5 Ne7 14.e4 Nd7 15.Rxa8 Qxa8
16.Bh3 Nf6 17.Qc3 Bc8 18.Ra1 Qb7 19.Bxc8 Rxc8 20.Qa3 Nd7 21.Qa7 Qxa7 22.Rxa7 h6
23.Nb1 Kf8 24.Na3 Ke8 25.Nb5 Kd8 26.Ne1 f5 27.exf5 Nxf5 28.Nc2 Nf6 29.f3 h5
30.Kf2 Kd7  1/2-1/2

[Event "Giessen op"]
[Site "Giessen"]
[Date "1996.??.??"]
[Round "6"]
[White "Schwarz, Peter"]
[Black "Derichs, Roger"]
[Result "1-0"]
[WhiteElo "2310"]
[BlackElo "2295"]

1.d4 Nf6 2.Nf3 e6 3.c4 Bb4+ 4.Bd2 Qe7 5.a3 Bxd2+ 6.Nbxd2 d6 7.e3 O-O 8.Qc2 Nbd7
9.Be2 b6 10.O-O Bb7 11.b4 c5 12.dxc5 bxc5 13.Rfc1 a5 14.b5 a4 15.Rd1 Rfc8
16.Ne1 d5 17.Qb2 Nb6 18.Nef3 Rc7 19.Ne5 Rd8 20.Bf3 Nfd7 21.cxd5 Nxe5 22.Qxe5 Bxd5
23.Qc3 Rcd7 24.e4 Bb7 25.Nc4 Nxc4 26.Qxc4 Rd4 27.Qc2 h6 28.Rxd4 Rxd4 29.Rc1 f5
30.exf5 Bxf3 31.gxf3 Qg5+ 32.Kf1 exf5 33.Qxc5 Rd3 34.Rb1 Qf4 35.b6 Qxf3 36.b7 Qh1+
37.Ke2 Qxb1 38.Qc8+ Kf7 39.Qxf5+ Ke7 40.Qe5+ Kf7 41.Qf5+ Ke7 42.Qe4+ Kf6
43.Qxd3 Qxb7 44.Qd4+ Kf5 45.Qxa4 Qb2+ 46.Kf3 Qb7+ 47.Kg3 Qc7+ 48.Kg2 Qb7+
49.f3 Qb2+ 50.Kh3 g5 51.Qe4+ Kf6 52.a4 Qa1 53.Qc6+ Kf5 54.Qe4+ Kf6 55.Qc4 Qd1
56.Qc6+ Kf5 57.Qe4+ Kf6 58.Qc6+ Kf5 59.Qb5+ Kf6 60.Kg2 Qd2+ 61.Kg1 Qd1+ 62.Kg2 Qd2+
63.Kh3 Qd1 64.Qb6+ Kf5 65.Qc5+ Kf6 66.Qc3+ Kf5 67.Qa5+ Kf6 68.Kg2 Qe2+ 69.Kg3 Qd1
70.Qb6+ Kf5 71.Qc5+ Kf6 72.a5 Qe1+ 73.Kg2 Qd2+ 74.Kh3 Qd1 75.Qc6+ Kf5 76.Qb5+ Kf6
77.Qb2+ Kf5 78.Kg2 Qa4 79.Qb1+ Ke5  1-0

[Event "Gistrup"]
[Site "Gistrup"]
[Date "1996.??.??"]
[Round "4"]
[White "Meyer, Lars A"]
[Black "Hellsten, Johan"]
[Result "0-1"]
[WhiteElo "2275"]
[BlackElo "2490"]

1.d4 Nf6 2.Nf3 e6 3.c4 Bb4+ 4.Bd2 c5 5.Bxb4 cxb4 6.g3 O-O 7.Bg2 d6 8.O-O Re8
9.a3 Nc6 10.axb4 Nxb4 11.Nc3 Bd7 12.Qb3 a5 13.Rfd1 Qb8 14.Nd2 Ra7 15.Nf1 b6
16.Ne3 Rc7 17.Na2 Na6 18.Qa3 e5 19.Qxd6 exd4 20.Qxd4 Nc5 21.Nc1 Ne6 22.Qh4 h6
23.Nf5 Ng5 24.Nd6 Re6 25.f4 Rc5 26.Nb7 Rxc4 27.fxg5 Rxh4 28.gxf6 Bc8 29.Rd8+ Kh7
30.gxh4 Qc7 31.Rxc8 Qxc8 32.Nd3 Rxe2 33.Nf2 Qf5 34.Rf1 Qxf6 35.b3 g6 36.Ne4 Qd4+
37.Nf2 Kg7 38.Bf3 Re3 39.Rd1 Qc3 40.Ne4 Qxb3 41.Nd2 Qc3 42.Kf2 a4 43.Nd6 a3
44.N2e4 Rxf3+  0-1

[Event "Gistrup"]
[Site "Gistrup"]
[Date "1996.??.??"]
[Round "6"]
[White "Meyer, Lars A"]
[Black "Aleksandrov, Aleksej"]
[Result "0-1"]
[WhiteElo "2275"]
[BlackElo "2550"]

1.d4 Nf6 2.Nf3 e6 3.c4 Bb4+ 4.Bd2 a5 5.g3 d5 6.Bg2 dxc4 7.O-O O-O 8.Bg5 Nc6
9.e3 a4 10.a3 Be7 11.Nc3 Nd5 12.Bxe7 Qxe7 13.Nxa4 Na5 14.Nd2 Bd7 15.Nc3 Nxc3
16.bxc3 c5 17.Re1 Ra6 18.Bf1 cxd4 19.exd4 Rc8 20.Qh5 b5 21.Reb1 h6 22.Bg2 Be8
23.Qd1 Qa7 24.Ra2 Nb7 25.Rba1 Nd6 26.Ne4 Nxe4 27.Bxe4 Qe7 28.Qe2 Rc7 29.Qb2 Rca7
30.h4 h5 31.Bf3 g6 32.Qc1 Kg7 33.Be4 e5 34.dxe5 Qxe5 35.Re2 Re7 36.Bf3 Qf6
37.Qg5 Qxg5 38.hxg5 Rxe2 39.Bxe2 Re6 40.Kf1 Re5 41.Re1 Bc6 42.Rd1 Rxg5 43.Rd6 Rc5
44.f4 Kf8 45.Kf2 Ke7 46.Rd4 Bd7 47.Ke3 Rc6 48.Re4+ Kd8 49.a4 bxa4 50.Bxc4 Be6
51.Rd4+ Ke7 52.Bxe6 Rxe6+ 53.Kf3 Ra6 54.Rd2 a3 55.Ra2 Kd6 56.Ke3 Kc5 57.Kd3 f6
58.Kd2 Kc4 59.Kc2 g5 60.fxg5 fxg5 61.Kb1 Kb3 62.Rh2 Re6 63.Rh1 Re3  0-1

[Event "Goch op"]
[Site "Goch"]
[Date "1996.??.??"]
[Round "4"]
[White "Kistella, Roman"]
[Black "Esser, Norbert"]
[Result "1-0"]
[WhiteElo "2270"]
[BlackElo "2220"]

1.d4 Nf6 2.c4 e6 3.Nf3 Bb4+ 4.Bd2 Qe7 5.g3 b6 6.Bg2 Bb7 7.O-O Bxd2 8.Qxd2 O-O
9.Nc3 Ne4 10.Nxe4 Bxe4 11.Qf4 d5 12.Rfc1 c6 13.cxd5 exd5 14.Bh3 Bxf3 15.Qxf3 a5
16.Rc2 Ra7 17.Rac1 Re8 18.Qb3 Qb4 19.Qd3 g6 20.Bg2 Rae7 21.a3 Qd6 22.e3 Kg7
23.Qb3 Qd8 24.Rc3 Ra7 25.Qc2 Qd6 26.Qd3 Rae7 27.R3c2 Re6 28.Qb3 Qd8 29.Qc3 Kg8
30.b4 axb4 31.Qxb4 b5 32.a4 bxa4 33.Rb1 Rd6 34.Qxa4 Kg7 35.Bf1 Qe7 36.Rb6 Qe6
37.Rc3 Rc8 38.Qb4 Nd7 39.Rb7 Nf6 40.Bg2 Ne4 41.Rc2 Rd7 42.Rxd7 Qxd7 43.Bxe4 dxe4
44.Qc5 Kg8 45.Rc1 Rd8 46.Qxc6 Qf5 47.Qc7 Re8 48.Rb1 Kg7 49.Rb8 Qf3 50.Rb1 Re6
51.Qf4 Qe2 52.Rf1 Qd2 53.g4 h6 54.h4 Qc2 55.Kg2 Qe2 56.g5 h5 57.Rc1 Qa2 58.Rc7 Re8
59.Qf6+ Kg8 60.Rd7 Rf8  1-0

[Event "Goetzis op"]
[Site "Goetzis"]
[Date "1996.??.??"]
[Round "5"]
[White "Maier, Peter"]
[Black "Kranz, Armin"]
[Result "1/2-1/2"]
[WhiteElo "2075"]
[BlackElo "2140"]

1.d4 Nf6 2.c4 e6 3.Nf3 Bb4+ 4.Bd2 Qe7 5.a3 Bxd2+ 6.Nbxd2 d6 7.e4 e5 8.d5 a5
9.b3 O-O 10.Be2 Bd7 11.O-O Na6 12.Ne1 Nc5 13.Qc2 g6 14.Rb1 Nfxe4 15.Nxe4 Nxe4
16.b4 axb4 17.axb4 f5 18.Nd3 Ra3 19.Ra1 Rfa8 20.Qb2 Rxa1 21.Rxa1 Rxa1+ 22.Qxa1 b6
23.Qa7 Be8 24.Bf1 g5 25.b5 Nc3 26.Nb4 e4 27.Nc2 f4 28.Qa1 Qe5 29.Qe1 Bh5
30.h3 Bd1 31.Nb4 e3 32.Nc6 exf2+ 33.Kxf2 Qxe1+ 34.Kxe1 Bh5 35.Nb4 Ne4 36.Na6 Nc5
37.Nxc7 Kf7 38.Na8 Nd7 39.Bd3 Bg6 40.Kd2 Bxd3 41.Kxd3 Ke7 42.Nc7 h6 43.Kd4 Ne5
44.Na8 Nd7 45.Nc7 Ne5  1/2-1/2

[Event "Koop Tjuchem op"]
[Site "Groningen"]
[Date "1996.??.??"]
[Round "8"]
[White "Epishin, Vladimir"]
[Black "Khurtsidze, Nino"]
[Result "1/2-1/2"]
[WhiteElo "2620"]
[BlackElo "2395"]

1.d4 Nf6 2.c4 e6 3.Nf3 Bb4+ 4.Bd2 Qe7 5.g3 Nc6 6.Nc3 O-O 7.Bg2 Bxc3 8.Bxc3 Ne4
9.Rc1 d6 10.d5 Nxc3 11.Rxc3 Nd8 12.dxe6 Nxe6 13.O-O Bd7 14.Re1 Bc6 15.e4 a5
16.Re2 Rfd8 17.h4 Qf6 18.Nh2 Nc5 19.Rce3 a4 20.Rd2 Re8 21.Qe2 Rab8 22.f4 Qe6
23.Nf3 Qg4 24.Nd4 Qxe2 25.Rdxe2 Bd7 26.Nb5 Rbc8 27.Nc3 Kf8 28.Kf2 Be6 29.Nd5 Nd7
30.Rd3 f6 31.Rd4 Nc5 32.Bf3 Bxd5 33.cxd5 Re7 34.g4 Rce8 35.g5 Kf7 36.gxf6 Kxf6
37.Ke3 g6 38.Rc4 b6 39.Rb4 Kf7 40.Rc2 Kf6 41.Rbc4 Kf7 42.b4 axb3 43.axb3 Nxb3
44.Rxc7 Nc5 45.Rxe7+ Rxe7 46.Ra2 Kf6 47.Rb2 Rb7 48.Kd4 b5 49.e5+ Ke7 50.h5 b4
51.hxg6 hxg6 52.Rg2 Nd7 53.exd6+ Kf7 54.Bg4 b3 55.Bxd7 Rxd7 56.Kc5 Rb7 57.Rb2 Ke8
58.Kc6 Ra7 59.Rxb3 Ra6+ 60.Rb6 Ra8 61.d7+ Ke7 62.d8=Q+ Rxd8 63.Rb7+ Kf6 64.Rb4 g5
65.d6 Ke6 66.d7 gxf4 67.Re4+ Kf5 68.Re8 Rxd7 69.Kxd7 f3 70.Kd6 Kg4 71.Ke5 f2
72.Rf8 Kg3 73.Ke4 Kg2 74.Rg8+ Kh2 75.Rh8+ Kg2 76.Rg8+ Kh2 77.Rh8+ Kg2 78.Rg8+ Kh2
79.Rh8+ Kg2 80.Rf8 f1=Q 81.Rxf1 Kxf1  1/2-1/2